Intenzifikácia - základný faktor urýchlenia

Guardado en:
Detalles Bibliográficos
Formato: Libro
Lenguaje:eslovaco
Publicado: Bratislava Pravda 1988
Edición:1. vyd.
Colección:Na pomoc ekonomickej propagande a agitácii
Etiquetas: Agregar Etiqueta
Sin Etiquetas, Sea el primero en etiquetar este registro!

MARC

LEADER 00000nam a2200000 4500
001 c030993
005 20250124122349.4
041 0 |a slo 
044 |a SK 
245 1 0 |a Intenzifikácia - základný faktor urýchlenia 
250 |a 1. vyd. 
264 1 |a Bratislava  |b Pravda  |c 1988 
300 |a 146 s. 
490 1 |a Na pomoc ekonomickej propagande a agitácii 
830 0 |a Na pomoc ekonomickej propagande a agitácii